LEADER 01010nam a2200205 i 4500 001 000000214795 003 CaOOAMICUS 005 20120803000000.0 008 120803s1930 it u000 u ita u 013 $a193667 040 $aSeMil$bita 245 13$aUn'oasi dello spirito :$bstudio critico storico intorno al Santuario della Madonna di S. Salvatore in Casalpusterlengo, Milano /$cAngelo Bramini. 250 $a2. ed. 260 $aCasalpusterlengo :$bFranco & Giuseppe Cairo,$c1930. 300 $a279 p. :$bill. ;$c23 cm. 650 4$aCasalpusterlengo - Santuario della Madonna dei Cappuccini.$0(OLS)http://semarc/subject/35083 850 $aSeMil 852 $aSeMil$W1$xVenegono$y1$m3P II 14$j165216$B165216$CSeMilBibl$Z2$F176182 $81 996 $6245$aUn'oasi dello spirito :$bstudio critico storico intorno al Santuario della Madonna di S. Salvatore in Casalpusterlengo, Milano$9(OLS)http://semarc/title/409618 996 $6260$aCasalpusterlengo :$bFranco & Giuseppe Cairo$9(OLS)http://semarc/publisher/52874 LEADER 01139nam a2200265 i 4500 001 000000152391 003 CaOOAMICUS 005 20060807000000.0 008 060807s1953 it u000 u ita u 013 $a129732 040 $aSeMil$bita 100 1 $aKöhler, Wilhelm.$0(OLS)http://semarc/name/93556 245 10$aRembrandt :$b(1606-1669) /$ctext by Wilhelm Koehler. 260 $aNew York :$bPocket Books,$ccopyr. 1953. 260 $aU.S.A. :$bHarry N. Abrams,$ccopyr. 1953. 300 $a1 v. :$b38 p. di tav. ;$c17 cm. 490 0 $aThe pocket library of great art 650 4$aRembrandt <1606-1669> - Cataloghi di esposizioni.$0(OLS)http://semarc/subject/24047 830 4$aThe pocket library of great art.$0(OLS)http://semarc/title/21362 850 $aSeMil 852 $aSeMil$W1$xVenegono$y1$m5P I 94$j104350$B104350$CSeMilBibl$Z2$F119049 $81 961 $aLascito: Gogna prof.ssa Silvia 996 $6245$aRembrandt :$b(1606-1669)$9(OLS)http://semarc/title/222817 996 $6260$aU.S.A. :$bHarry N. Abrams$9(OLS)http://semarc/publisher/34337 996 $6260$aNew York :$bPocket Books$9(OLS)http://semarc/publisher/48019